Statistics for Europe's Second Largest Cities

Click here to take the quiz!

General Stats

  • This quiz has been taken 39 times
    (7 since last reset)
  • The average score is 40 of 45

Answers on the Map

Answers color-coded by a green-red scale on the quiz's map according to % correct below.
Loading ...
 

Answer Stats

Answer% Correct
Marseille
100%
Antwerp
100%
Durres
100%
Plovdiv
100%
Tiraspol
100%
Donetsk
100%
Daugavpils
100%
Barcelona
100%
Krakow
100%
Brno
100%
Graz
100%
Geneva
100%
Esch-Sur-Alzette
100%
Kosice
100%
Cork
100%
Porto
100%
Birmingham
100%
Hamburg
100%
Kopavogur
100%
Milan
100%
Thessalonika
100%
St Petersburg
100%
Gothenburg
100%
Bergen
100%
Aarhus
100%
Maribor
83%
Debrecen
83%
Split
83%
Banja Luka
83%
Novi Sad
83%
Prizren
83%
Rotterdam
83%
Niksic
83%
Iasi
83%
Gomel
83%
Tartu
83%
Espoo
83%
Escaldes-Engordany
83%
Borgo Maggiore
67%
La Condamine
67%
Kaunas
67%
Valletta
67%
Vaduz
67%
Vatican City
67%
Bitola
50%

Score Distribution

Percentile by Number Answered

Percent of People with Each Score

Your Score History

You have not taken this quiz since the last reset